00682nam a2200169 a 4500003000200000005001700002008004100019050002600060100001900086245011700105260009000222300004000312504004100352650007100393650002100464650002700485020250507094223.0050808s19uu xx 00 eng d aPHS SB 113b.I34 2005 aIkeda, Yumi M. aEffect of induced physical breaking of dormancy on the germination of mungbean (Vigna radiata) /cYumi M. Ikeda. aLas Piñas City, Philippines :bSouthville International School and Colleges,c2005. a23 pages :billustrations ;c28 cm. aIncludes bibliographical references. 2Library of Congress Subject Headings aMungbeanxSeed germination. aSeedsxDormancy. aVigna radiataxGrowth.